| 000 | 00607nam a2200217 a 4500 | ||
|---|---|---|---|
| 001 | 83536 | ||
| 003 | BD-RjUL | ||
| 005 | 20240418122506.0 | ||
| 008 | 240418r19601945enk||||| |||| 00| 0 eng d | ||
| 035 | _a(BD-RjUL)83536 | ||
| 040 |
_aBD-RjUL _beng _cBD-RjUL |
||
| 041 | _aeng | ||
| 082 |
_223 _a823 _bWOJ 1954 |
||
| 100 |
_aWoolf, Virginia _912593 |
||
| 245 |
_aJacob's Room / _cVirginia Woolf |
||
| 260 |
_aLondon : _bHogarth Press, _c1945, [reprinted 1954,1960] |
||
| 300 |
_a176 p.; _c19 cm. |
||
| 650 |
_aAngleterre Romans, nouvelles, etc _912622 |
||
| 650 |
_aEngland Fiction _911605 |
||
| 942 |
_2ddc _cBK |
||
| 999 |
_c83536 _d83536 |
||